Every player who has ever started a game for the Oklahoma City Thunder - Statistics

General Stats
  • This quiz has been taken 41 times
    16 since last reset
  • The average score is 44 of 100
Answer Stats
Hint Answer % Correct
08-16 652 Kevin Durant
100%
13-18 292 Andre Roberson
92%
10-15 292 Kendrick Perkins
92%
19-24 301 Luguentz Dort
92%
08-11,12-16 57 Nick Collison
92%
08-19 902 Russell Westbrook
92%
10-16 496 Serge Ibaka
92%
19-24 323 Shai Gilgeous-Alexander
92%
13-20 507 Steven Adams
92%
23-24 92 Chet Holmgren
83%
22-24 145 Jalen Williams
83%
10-12 7 James Harden
83%
22-24 39 Jaylin Williams
83%
20-21,22-24 24 Kenrich Williams
83%
19-20 77 Chris Paul
75%
08-11 215 Jeff Green
67%
16-19 87 Jerami Grant
67%
20-21 3 Justin Jackson
67%
17-19 167 Paul George
67%
12-15 62 Reggie Jackson
67%
17-20 130 Terrance Ferguson
67%
08-14 434 Thabo Sefolosha
67%
20-23 65 Aleksej Pokusevski
58%
17-18 84 Carmelo Anthony
58%
20-21 1 Charlie Brown Jr.
58%
19-23 118 Darius Bazley
58%
22-24 13 Isaiah Joe
58%
21-23 56 Jeremiah Robinson-Earl
58%
21-24 220 Josh Giddey
58%
20-21 32 Moses Brown
58%
12-15 21 Perry Jones
58%
21-24 53 Aaron Wiggins
50%
16-19 16 Alex Abrines
50%
15-17 13 Anthony Morrow
50%
15-16 1 Cameron Payne
50%
23-24 13 Cason Wallace
50%
19-20 69 Danilo Gallinari
50%
18-20 16 Dennis Schroder
50%
16-17 66 Domantas Sabonis
50%
14-16 27 Enes Kanter
50%
09-10 1 Etan Thomas
50%
20-22 62 Isaiah Roby
50%
14-15 13 Lance Thomas
50%
22-23 1 Ousmane Dieng
50%
21-23 31 Tre Mann
50%
16-17 72 Victor Oladipo
50%
13-14 2 Caron Butler
42%
23-24 3 Gordon Hayward
42%
22-23 1 Jared Butler
42%
08-09 3 Joe Smith
42%
08-11 158 Nenad Krstic
42%
17-18 2 Raymond Felton
42%
20-21 28 Al Horford
33%
17-18 6 Dakari Johnson
33%
20-21 14 George Hill
33%
21-22 4 Georgios Kalaitzakis
33%
18-21 11 Hamidou Diallo
33%
21-22 5 Jaylen Hoard
33%
21-22 1 Lindy Waters III
33%
21-23 3 Olivier Sarr
33%
17-19 8 Patrick Patterson
33%
16-17 1 Semaj Christon
33%
20-22 56 Theo Maledon
33%
21-22 4 Zavier Simpson
33%
18-20 7 Abdel Nader
25%
17-18 22 Corey Brewer
25%
11-12 22 Daequan Cook
25%
08-09 14 Damien Wilkins
25%
21-22 18 Derrick Favors
25%
14-16 35 Dion Waiters
25%
14-15 1 D.J. Augustin
25%
08-09 18 Earl Watson
25%
12-13 4 Hasheem Thabeet
25%
20-21 1 Josh Hall
25%
18-19 1 Markieff Morris
25%
19-20,22-23 7 Mike Muscala
25%
18-20 9 Nerlens Noel
25%
21-22 3 Paul Watson
25%
16-17 21 Taj Gibson
25%
18-19 1 Timothe Luwawu-Cabarrot
25%
21-22 8 Vit Krejci
25%
16-17 1 Doug McDermott
17%
22-23 2 Eugene Omoruyi
17%
14-15 8 Jeremy Lamb
17%
08-09 12 Johan Petro
17%
14-17 22 Kyle Singler
17%
08-09 19 Kyle Weaver
17%
10-12 8 Nazr Mohammed
17%
15-16 1 Randy Foye
17%
08-09 10 Robert Swift
17%
08-09 1 Shaun Livingston
17%
20-21 9 Svi Mykhailiuk
17%
20-22 5 Ty Jerome
17%
08-09 6 Chris Wilcox
8%
12-13 1 DeAndre Liggins
8%
08-09 19 Desmond Mason
8%
21-22 3 Mamadi Diakite
8%
14-15 2 Mitch McGary
8%
14-15 1 Sebastian Telfair
8%
17-18 10 Josh Huestis
0%
No matching quizzes found
Score Distribution
Percent of People with Each Score
Percentile by Number Answered
Your Score History
You have not taken this quiz since the last reset